header

Human trafficking, smuggling and illegal immigration (Record no. 117165)

MARC details
000 -LEADER
fixed length control field 01831nam a2200361 a 4500
245 10 - TITLE STATEMENT
Title Human trafficking, smuggling and illegal immigration
260 ## - PUBLICATION, DISTRIBUTION, ETC. (IMPRINT)
Place of publication Amsterdam :
Name of publisher IOS Press,
Year of publication 2011.
300 ## - PHYSICAL DESCRIPTION
Number of Pages xiv, 175 p. :
Other physical details ill. (some col.), maps (some col.).
490 1# - SERIES STATEMENT
Series statement NATO science for peace and security series. E, Human and societal dynamics,
500 ## - GENERAL NOTE
General note Proceedings of the NATO Advanced Research Workshop on: The role of transnational criminal organisations in the management of illegal immigration, human smuggling and trafficking in Europe, Sofia, Bulgaria, 13-16 November 2007.
650 #0 - SUBJECT ADDED ENTRY--TOPICAL TERM
Topical Term Human trafficking
Topical Term Smuggling
Topical Term Illegal aliens
700 1# - ADDED ENTRY--PERSONAL NAME
Personal name Coen, Myrianne.
856 40 - ELECTRONIC LOCATION AND ACCESS
Uniform Resource Identifier http://site.ebrary.com/lib/rucke/Doc?id=10506338

No items available.

© 2026 Rongo University
Contact us: librarian | system librarian | Rongo university